Understanding Tribal Religion (Record no. 14127)

MARC details
000 -LEADER
fixed length control field 00556nam a2200229 a 4500
020 ## - INTERNATIONAL STANDARD BOOK NUMBER
ISBN 8170996
082 00 - DEWEY DECIMAL CLASSIFICATION NUMBER
Classification number 307.70954
Author Cutter MIB
100 ## - MAIN ENTRY--AUTHOR NAME
Author name Mibang, Tamo
245 ## - TITLE STATEMENT
Title Understanding Tribal Religion
260 ## - PUBLICATION, DISTRIBUTION, ETC. (IMPRINT)
Place of publication Delhi
Name of publisher Mittal Publication
Year of publication 2004
300 ## - PHYSICAL DESCRIPTION
Number of Pages 247p
500 ## - GENERAL NOTE
General note includes index and biblioraphy
505 2# - FORMATTED CONTENTS NOTE
Formatted contents note Index
650 ## - SUBJECT ADDED ENTRY--TOPICAL TERM
Topical Term India-Tribes
942 ## - ADDED ENTRY ELEMENTS (KOHA)
Koha item type Books
Holdings
Collection code Home library Current library Date acquired Cost, normal purchase price Full call number Accession Number Koha item type
  Henry Martyn Institute Library Henry Martyn Institute Library 04/05/2007 495.00 307.70954 MIB 021147 Books
                   Copyright © 2026 | Henry Martyn Institute | Hyderabad | TS-500052 | INDIA | Implemented by hmi.edu.in
Hit-Count:

Powered by Koha